37 truyện ngắn Nguyễn Thị Thu Huệ

Saved in:
Bibliographic Details
Main Author: Nguyễn, Thị Thu Huệ
Format: Book
Language:Undetermined
Published: Hà Nội Văn học 2006
Subjects:
Tags: Add Tag
No Tags, Be the first to tag this record!
Institutions: Trung tâm Học liệu Trường Đại học Cần Thơ
LEADER 00626nam a2200217Ia 4500
001 CTU_121073
008 210402s9999 xx 000 0 und d
020 |c 57000 
082 |a 895.922301 
082 |b H507 
100 |a Nguyễn, Thị Thu Huệ 
245 0 |a 37 truyện ngắn Nguyễn Thị Thu Huệ 
245 0 |c Nguyễn Thị Thu Huệ 
260 |a Hà Nội 
260 |b Văn học 
260 |c 2006 
650 |a short stories, vietnamese 
650 |x collections 
650 |y 20th century,21st century 
904 |i Năm 
980 |a Trung tâm Học liệu Trường Đại học Cần Thơ